| 000 | 00416 a2200133 4500 | ||
|---|---|---|---|
| 082 | _a297.1241 | ||
| 090 |
_c3360 _d3360 |
||
| 100 | _aRizvi, Allama Ghulam Rasool. | ||
| 245 |
_aTafhim-al-Bukhari: Sharah Sahis al Bukhari (Vol II) _cAllama Ghulam Rasool Rizvi _h[Urdu] |
||
| 260 |
_aFaisalabad: _bJamia Sirajia Rasoolia Rizvia. |
||
| 300 |
_a694 p. ; _c25 cm. |
||
| 650 | _aHadith (Collection) | ||
| 942 |
_cBK _k297.1241 BUK |
||
| 999 |
_c7273 _d7273 |
||